000 01079 a2200241 4500
005 2008090403283.0
008 080904t xxu||||| |||| 00| 0 hin d
010 _aHIN-78952
020 _a8189850261
_c250.00
035 _aHN-51299
037 _bD.B.Act / pub
082 _a
100 _aमुद्गल, अवधनारायण
245 _aमेरी प्रिय सम्पादित कहानियाँ
_cअवधनारायण मुद्गल
246 _aMeri priya kahania
_bby Avadhnarayan Mudgal
260 _aनई दिल्ली
_bरेमाधव पब्लिकेशंस
_cव.अ.
270 _bनई दिल्ली
_e110031
300 _a238पृ.
_c22 सेमी (सजिल्द)
650 _aकहानियाँ
650 _aStories
942 _adpl
_cHN
_kक / मुद्गल
_2ddc
_h
_m मुद्गल
999 _c1061
_d1061